000 00772nam a2200241 a 4500
001 000044649
003 DO-SdBNP
005 20221104104210.0
007 ta
008 141211s 2013 dr a 000 0 spa d
020 _a9789945887204
040 _aDO-SdBNP
_bspa
_cBNPHU
082 _axxxxxx
_bT967
245 0 0 _aTutumpotes e hijos de Machepa :
_bel análisis de Juan Bosch sobre oligarquía, burguesía y pequeña burguesía en la sociedad dominicana /
_ccompilador Matías Bosch.
260 _aSanto Domingo :
_bFundación Juan Bosch,
_c2013.
300 _a90 p. :
_bil. ;
_c23 cm.
490 1 _aBosch Vive
_v5
590 _aInventariado, 2022 / DG
700 1 _aBosch, Matías,
_ecomp.
_972665
830 0 _aBosch Vive
_n5
_972666
910 _aDG
942 _2ddc
_cLBS1
999 _c44138
_d44138